00397 a2200133 4500001000700000040002200007041001600029082002300045100002800068245012400096260002200220300000800242362001300250145942 cLeonardo Da Vinci aPortuguês a330.1 R375ubR375u aREIS, Adinilson Marques aUma proposta dinâmica para o ensino de função afim a partir de erros dos alunos no primeiro ano do ensino médio c2011aSão Paulo a187 a20110000